MARC

LEADER 00000nas a2200000 a 4500
001 ssj0064743
003 WaSeSS
005 20200512172242.0
006 m d
007 cr n
008 100812c19489999xv qr p s 0 b0slv c
010 |a  2019238460  |z  58021756   |z sn 84046171  
016 7 |a 000270513  |2 IsJJNL 
016 7 |a 002203488  |2 Uk 
016 7 |a 009877640  |2 Uk 
022 |a 1855-7570  |l 0350-6894  |y 0350-6894 
035 |a (WaSeSS)ssj0064743 
040 |a OCLCE  |b eng  |e pn  |c OCLCE  |d OCLCQ  |d OCLCO  |d OCLCQ  |d OCLCF  |d OCLCO  |d OCLCQ  |d ZAC  |d WY@  |d UOK  |d WYU  |d VT2  |d UKMGB  |d CUI  |d CUS  |d OCLCQ  |d OCLCO  |d IUL  |d OCLCQ  |d WaSeSS 
041 0 |a slv  |b eng  |f eng 
042 |a dlr  |a pcc 
050 4 |a PG1801  |b .S4 
082 0 4 |a 491.8405  |b S631 
222 0 |a Slavistična revija  |b (Online) 
245 0 0 |a Slavistična revija  |h [electronic resource]. 
246 1 4 |a SRL  |f <jan.-mar. 2003-> 
260 |a Ljubljana :  |b [Slavistično društvo v Ljubljani, Inštitut za slovenski jezik, Inštitut za literaturo] 
310 |a Quarterly 
362 1 |a Began with let. 1 in 1948. 
500 |a Occasional special issues with individual title. 
506 |a License restrictions may limit access. 
515 |a Publication suspended, 1964-1966. 
525 |a Vols. 8- bound with its supplement Linguistica. 
538 |a Master and use copy. Digital master created according to Benchmark for Faithful Digital Reproductions of Monographs and Serials, Version 1. Digital Library Federation, December 2002.  |u http://purl.oclc.org/DLF/benchrepro0212  |5 MiAaHDL 
546 |a Slovenian, with summaries and tables of contents in English. 
550 |a Issued by: Slavistično društvo Slovenije, 1967- 
555 |a L. 26 (1978)-40 (1992). 1 v. 
583 1 |a digitized  |c 2010  |h HathiTrust Digital Library  |l committed to preserve  |2 pda  |5 MiAaHDL 
588 0 |a 4. let., 1-2, pub. in 1951; title from cover. 
588 |a Description based on: print version record. 
588 |a Latest issue consulted: Let. 51, okt.-dec., 2003. 
650 0 |a Slavic philology  |v Periodicals. 
650 7 |a Slavic philology.  |2 fast  |0 (OCoLC)fst01120745 
655 0 |a Electronic journals. 
710 2 |a Slavistično društvo v Ljubljani. 
710 2 |a Inštitut za slovenski jezik (Slovenska akademija znanosti in umetnosti) 
710 2 |a Inštitut za literature (Slovenska akademija znanosti in umetnosti) 
710 2 |a Slavistično društvo Slovenije. 
730 0 |a Studia Fennica.  |p Linguistica. 
776 0 8 |i Print version:  |t Slavistična revija  |x 0350-6894  |w (DLC) 58021756  |w (OCoLC)1929285 
856 4 0 |z Full text available from Research Library: 07/01/2011 to present  |u https://search.proquest.com/publication/756432